| 000 | 00593nas a2200229Ia 4500 | ||
|---|---|---|---|
| 001 | A10/R147-20863 [r000020019] | ||
| 003 | IT-MiCISF | ||
| 005 | 20250705113219.0 | ||
| 008 | 161014c99999999xx |||||||||||| ||und|| | ||
| 040 |
_aIT-MiCISF _cIT-MiCISF |
||
| 041 | _ait | ||
| 100 |
_aSerra Angelo _959506 |
||
| 245 | 0 | _aVerso la clonazione dell'uomo? | |
| 250 | _a"La civiltà cattolica", n. 3543, 7 febbraio, | ||
| 260 | _c1998 | ||
| 300 | _app. 224-234 | ||
| 500 | _a bioetica, genetica, clonazione | ||
| 650 | _aBioetica | ||
| 654 | _aarticolo | ||
| 942 |
_cCR _2ddc |
||
| 999 |
_c239409 _d239409 |
||
| 999 | _bSi | ||